Responses for Show #3362 - Tuesday, March 30, 1999

Contestants

[<< previous game]

Paul Rubenstein, an actor from Los Angeles, California

Mihee Kim, a research assistant from Fairfield, California

Ajuan Mance, an English professor from Eugene, Oregon (whose 2-day cash winnings total $8,501)

[next game >>]

Jeopardy! Round responses

TRIALS OF THE CENTURY
LET'S GET M*A*S*Hed
VALUABLE PLACES
NAME THE AUTOMAKER
THEATRE HODGEPODGE
"PRO"NOUNS
    $100 9
Nuremberg

Paul
    $100 11
"Hot Lips"

Mihee
    $100 27
Pearl Harbor

Mihee
    $100 19
Ford

Paul
    $100 3
Rain

Paul
    $100 1
Prologue

Ajuan
    $200 10
Julius & Ethel Rosenberg

Mihee
    $200 12
"Suicide is Painless"

Ajuan
    $200 30
The Emerald City

Mihee
    $200 20
(Mihee: What is Honda Accord?)

Acura

AjuanMihee
    $200 4
Bus Stop

Triple Stumper
    $200 2
Profanity

Paul
    $300 13
William Jennings Bryan

Paul
    $300 16
Father Mulcahy

Mihee
    $300 29
Crystal

Ajuan
    $300 23
Dodge

Mihee
    $300 5
Sugar

Ajuan
    $300 6
Prohibition

Paul
    $400 14
Sacco & Vanzetti

Paul
    $400 17
Iowa

Paul
    $400 28
Diamonds

Triple Stumper
    $400 24
(Alex: Less than a minute to go.)

Mazda

Paul
    $400 7
Pine

Triple Stumper
    $400 21
Proletariat

Ajuan
    $1,400 15
(Paul: What is the Lindbergh Baby case?)
(Alex: Yes it was, but we wanted the name of the individual.)

Bruno Hauptmann

Paul
    $500 18
Lt. Col. Henry Blake & Col. Sherman Potter

Mihee
    $500 26
Ruby Ridge

Ajuan
    $500 25
Rolls-Royce

Paul
    $500 8
Henry VIII

Triple Stumper
    $500 22
Protocol

Triple Stumper

Scores at the first commercial break (after clue 15):

Ajuan Mihee Paul
$600 $300 $0

Scores at the end of the Jeopardy! Round:

Ajuan Mihee Paul
$2,000 $1,500 $1,400

Double Jeopardy! Round responses

HEADS OF STATE
MAGAZINES
THE CAST OF THE TEN COMMANDMENTS
RHYMES WITH STONEHENGE
(Alex: An example, if I said, "At this site a ring is formed by enormous pine fruits", your response would be "What is Conehenge?" Got the idea...they got the idea!)
QUEEN VICTORIA
WE ARE AMUSED
    $200 1
King Hussein

Ajuan
    $200 2
(Ajuan: What is The New Yorker?)

Sports Illustrated

AjuanPaul
    $200 19
Joanhenge

Mihee
    $200 11
India

Paul
    $200 16
Jester

Paul
    $400 7
(Mihee: Who is Mitterrand?)

Jacques Chirac

MiheePaul
    $400 3
TV Guide

Ajuan
    $400 26
[The end-of-round signal sounds.]

Mike Connors

Triple Stumper
    $400 25
Phonehenge

Mihee
    $400 12
Diamond

Paul
    $400 17
Hilarious

Ajuan
    $1,200 8
(Paul: Who is Feldman?)

Suharto

Paul
    $600 4
Harvard Lampoon

Ajuan
    $600 24
Clonehenge

Paul
    $600 13
Alfred Lord Tennyson

Paul
    $600 18
Tickle us

Triple Stumper
    $800 9
Georgia

Paul
    $800 5
Steve Forbes

Paul
    $800 22
Ponehenge

Ajuan
    $1,000 14
(Paul: I don't know... Who is [*]?)

John Brown

Paul
    $800 20
(Paul: What is a studio audience?)
...
(Alex: With a minute to go.)

Laugh track

AjuanPaul
    $1000 10
Grand Duke Jean

Triple Stumper
    $1000 6
Louis Godey

Ajuan
    $1000 23
Dronehenge

Mihee
    $1000 15
(Alex: It doesn't look too humble, does it?)

Balmoral Castle

Paul
    $1000 21
Bad Gags

Triple Stumper

Scores at the end of the Double Jeopardy! Round:

Ajuan Mihee Paul
$6,000 $2,700 $5,600

[wagering suggestions for these scores]

Final Jeopardy! Round responses

WORLD GEOGRAPHY
MiheeWhat is cape hope
$2,700
PaulWhat Cape Hatteras
$5,600
AjuanWhat is the Cape of Good Hope
$599
Cape of Good Hope

Final scores:

Ajuan Mihee Paul
$6,599 $0 $0
3-day champion: $15,100 3rd place: Daewoo Entertainment Package 2nd place: Trip to Hotel Melia Castilla, Madrid, Spain

Game dynamics:

Coryat scores:

Ajuan Mihee Paul
$6,000 $2,700 $8,000
14 R,
1 W
10 R,
2 W
21 R
(including 1 DD),
3 W
(including 2 DDs)

Combined Coryat: $16,700

[game clues] [game scores] [suggest correction]

Game tape date: Unknown
The J! Archive is created by fans, for fans. Scraping, republication, monetization, and malicious use prohibited; this site may use cookies and collect identifying information. See terms. The Jeopardy! game show and all elements thereof, including but not limited to copyright and trademark thereto, are the property of Jeopardy Productions, Inc. and are protected under law. This website is not affiliated with, sponsored by, or operated by Jeopardy Productions, Inc. Join the discussion at JBoard.tv.